[Event "Main Vogelsberg op 10th"]
[Site "Hanau"]
[Date "2015.05.23"]
[Round "3"]
[White "Zimmermann, Alfons"]
[Black "Spahn, Tobias"]
[Result "0-1"]
[WhiteElo "1351"]
[BlackElo "1523"]
[PlyCount "82"]
[EventDate "2015.05.22"]
[EventType "swiss"]
[EventRounds "7"]
[EventCountry "GER"]
[SourceTitle "EXT 2016"]
[Source "ChessBase"]
[SourceDate "2015.10.08"]
[SourceVersion "1"]
[SourceVersionDate "2015.10.08"]
[SourceQuality "1"]

1. d4 d5 2. c4 c6 3. Nc3 Nf6 4. Bg5 dxc4 5. Bxf6 gxf6 6. e3 b5 7. a3 Bf5 8. g3 e6 9. Bg2 a6 10. Nge2 Qc7 11. 0-0 Nd7 12. e4 Bg6 13. Nf4 Rd8 14. Bf3 e5 15. Nxg6 fxg6 16. d5 Nc5 17. Qc2 Nb3 18. Rad1 Nd4 19. Rxd4 exd4 20. Nb1 Bd6 21. dxc6 Qxc6 22. b4 0-0 23. Kg2 d3 24. Qd2 Be5 25. Nc3 Bxc3 26. Qxc3 Qd6 27. Qd2 Qd4 28. Rc1 Rc8 29. Kg1 c3 30. Qh6 c2 31. Qh3 Qd6 32. Bg4 Rc7 33. Be6+ Kg7 34. Bb3 d2 35. Bxc2 dxc1Q+ 36. Kg2 Qxc2 37. Qg4 Qd4 38. Kh3 Qd7 39. f3 Qxg4+ 40. fxg4 g5 41. a4 Qf2 0-1

[Event "Main Vogelsberg op 8th"]
[Site "Hanau"]
[Date "2013.05.31"]
[Round "3"]
[White "Spahn, Tobias"]
[Black "Popp, Johann"]
[Result "1/2-1/2"]
[WhiteElo "969"]
[BlackElo "1547"]
[PlyCount "70"]
[EventDate "2013.05.30"]
[EventType "swiss"]
[EventRounds "7"]
[EventCountry "GER"]
[SourceTitle "EXT 2014"]
[Source "ChessBase"]
[SourceDate "2013.11.20"]
[SourceVersion "1"]
[SourceVersionDate "2013.11.20"]
[SourceQuality "1"]

1. e4 e6 2. d4 d5 3. exd5 exd5 4. Nc3 c6 5. Bd3 Bd6 6. Qe2+ Ne7 7. Nf3 0-0 8. Bd2 Bf5 9. 0-0-0 Re8 10. Rde1 Bxd3 11. Qxd3 h6 12. a3 Nd7 13. Nd1 b5 14. Ne3 Nf6 15. Nf5 Ne4 16. Nxd6 Qxd6 17. Re2 Nxd2 18. Kxd2 Ng6 19. Rxe8+ Rxe8 20. g3 Re4 21. b4 f5 22. Re1 Qe6 23. h3 Kf7 24. c3 Kf6 25. Re2 Qe7 26. Re1 a5 27. Re2 axb4 28. axb4 Qa7 29. Qb1 Qa3 30. Re1 Qa7 31. Qa1 Qe7 32. Qa8 Qd6 33. Ra1 Re6 34. Kd3 Re7 35. Ra6 Re6 1/2-1/2